Chronicon Carionis expositum, et auctum multis,...

Bibliographic Details
Format: Book
Language:English
PhysicalDescription:1000 s. +[index rerum]
Published: [s.l.] [s.n.] [1610]
Edition:[1. vyd.]

MARC

LEADER 00000nam a2200000 a 4500
001 vtls008877348
003 SK-MaSNL
005 20260223182755.0
008 061110 000 0 eng
040 |a SNK  |b slo  |c SNK  |e AACR2 
245 1 |a Chronicon Carionis  |b expositum, et auctum multis,... 
250 |a [1. vyd.] 
260 |a [s.l.]  |b [s.n.]  |c [1610] 
300 |a 1000 s. +[index rerum] 
999 |c 653162  |d 655092 
952 |a SNK  |b SNK  |y VYP  |7 0  |p 17X08877348001  |o snkID 71859/1-3  |i snkF 2231/80  |8 5  |3 rekatalogizácia  |0 0  |1 0  |4 0  |d 2006-11-10  |l 0  |r 2026-02-23 18:27:55  |w 2026-02-23